LEADER 00816nam a2200217 i 4500 001 000000142832 003 CaOOAMICUS 005 20050913000000.0 008 050913n it u000 u ita u 013 $a118188 040 $aSeMil$bita 100 1 $aRegina, Umberto,$d<1937- >.$0(OLS)http://semarc/name/15871 245 10$a2 /$cU. Regina ... [et al.]. 300 $a361 p. 490 0 $aFilosofia e Religione [La Garangola] ;$v11 773 0 $tMetodo della filosofia della religione.$dPadova : La Garangola, 1975.$w()14230 830 0$aFilosofia e Religione [La Garangola] ;$v11.$0(OLS)http://semarc/title/18202 850 $aSeMil 852 $aSeMil$W1$xVenegono$y1$m1131 2 11 *$j95968$B95968$CSeMilBibl$Z2$F102817 $81 961 $aLascito: Corradi mons. Enrico 996 $6245$a2$9(OLS)http://semarc/title/46890 LEADER 01002nam a2200217 i 4500 001 000000129859 003 CaOOAMICUS 005 20110318000000.0 008 110318s1884 it u000 u ita u 013 $a102592 040 $aSeMil$bita 100 1 $aSgaramella, Giuseppe.$0(OLS)http://semarc/name/53791 245 10$aDel lume dell'intelletto agente secondo la mente di San Tommaso d'Aquino /$cper Giuseppe Sgaramella. 260 $aParabiago :$bTip. del Riformatorio Spagliardi,$c1884. 300 $a50 p. ;$c21 cm. 650 4$aTommaso : d'Aquino - Pensiero filosofico.$0(OLS)http://semarc/subject/871 773 0 $t[Opuscoli filosofici.$w()24565 850 $aSeMil 852 $aSeMil$W1$xVenegono$y1$m5B I 25/1 FA$j83952$B83952$CSeMilBibl$Z2$F87407 $8I 996 $6245$aDel lume dell'intelletto agente secondo la mente di San Tommaso d'Aquino$9(OLS)http://semarc/title/191500 996 $6260$aParabiago :$bTip. del Riformatorio Spagliardi$9(OLS)http://semarc/publisher/46620